000 00380nam a2200121 a 4500
005 20140414132113.0
008 110815s19uu xx 00 eng d
050 _aM 614
_bC84 2006
100 _aGifford, Clive
245 _aCrimebusters :
_bDiscover the world of crime scene science /
_cHow science fight crime.
260 _aThailand :
_bOxford University,
_c2006.
999 _c114825
_d114825